header

Regularity in semantic change (Record no. 3419)

MARC details
000 -LEADER
fixed length control field 01361nam a2200337 a 4500
082 04 - DEWEY DECIMAL CLASSIFICATION NUMBER
Classification number 401/.43
100 1# - MAIN ENTRY--AUTHOR NAME
Personal name Traugott, Elizabeth Closs.
245 10 - TITLE STATEMENT
Title Regularity in semantic change
260 ## - PUBLICATION, DISTRIBUTION, ETC. (IMPRINT)
Place of publication Cambridge ;
-- New York :
Name of publisher Cambridge University Press,
Year of publication 2002.
300 ## - PHYSICAL DESCRIPTION
Number of Pages xx, 341 p. :
Other physical details ill.
490 1# - SERIES STATEMENT
Series statement Cambridge studies in linguistics ;
650 #0 - SUBJECT ADDED ENTRY--TOPICAL TERM
Topical Term Semantics, Historical.
Topical Term Grammar, Comparative and general.
700 1# - ADDED ENTRY--PERSONAL NAME
Personal name Dasher, Richard B.,
856 40 - ELECTRONIC LOCATION AND ACCESS
Uniform Resource Identifier http://site.ebrary.com/lib/rucke/Doc?id=10005713

No items available.

© 2026 Rongo University
Contact us: librarian | system librarian | Rongo university